000 01365nam a22001577a 4500
041 _aukr
080 _a09
090 _bКОР
100 _aКоробенюк О. В.
245 _aПрагматичні особливості англомовного дискурсу
260 _aОстрог
_bКАФ
_c2009
300 _a64
520 _aВступ Розділ 1. Поняття дискурсу в лінгвістиці та його особливості. 1.1. Трактування дискурсу в сучасній лінгвістичній науці. 1.2. Основні характеристики офіційного і неофіційного дискурсів. 1.3. Макро- і мікроструктура як основні рівні дискурсу. Розділ 2. Адресованість як основний компонент дискурсивного аналізу офіційного дискурсу. 2.1. Історія становлення і класифікація теорії дискурсивного налізу. 2.2. Засоби вираження адресованості у підручнику теоретичної граматики «A course in Theoretical English Grammar». Висновки.
_0дискурс, адресованість
650 _aResearch Papers
999 _c284048
_d284048
942 _cBK